<?xml version="1.0" encoding="UTF-8"?>
<record
    xmlns:xsi="http://www.w3.org/2001/XMLSchema-instance"
    xsi:schemaLocation="http://www.loc.gov/MARC21/slim http://www.loc.gov/standards/marcxml/schema/MARC21slim.xsd"
    xmlns="http://www.loc.gov/MARC21/slim">

  <leader>00539nam a2200217Ia 4500</leader>
  <controlfield tag="005">20260122095459.0</controlfield>
  <controlfield tag="008">260121s9999||||xx |||||||||||||| ||und||</controlfield>
  <datafield tag="020" ind1=" " ind2=" ">
    <subfield code="a">9781493998258</subfield>
  </datafield>
  <datafield tag="082" ind1=" " ind2=" ">
    <subfield code="a">511.5</subfield>
    <subfield code="b">BAL</subfield>
  </datafield>
  <datafield tag="100" ind1=" " ind2=" ">
    <subfield code="a">Balakrishnan, R.</subfield>
  </datafield>
  <datafield tag="245" ind1=" " ind2="0">
    <subfield code="a">Textbook of graph theory /</subfield>
  </datafield>
  <datafield tag="250" ind1=" " ind2=" ">
    <subfield code="a">2nd ed.</subfield>
  </datafield>
  <datafield tag="260" ind1=" " ind2=" ">
    <subfield code="a">New York :</subfield>
    <subfield code="b">Springer,</subfield>
    <subfield code="c">2019.</subfield>
  </datafield>
  <datafield tag="300" ind1=" " ind2=" ">
    <subfield code="a">xii, 292 p.; pbk</subfield>
  </datafield>
  <datafield tag="440" ind1=" " ind2=" ">
    <subfield code="a">Universitext</subfield>
  </datafield>
  <datafield tag="650" ind1=" " ind2=" ">
    <subfield code="a">Graph theory</subfield>
  </datafield>
  <datafield tag="650" ind1=" " ind2=" ">
    <subfield code="a">Mathmatics</subfield>
  </datafield>
  <datafield tag="700" ind1=" " ind2=" ">
    <subfield code="a">Axler, Sheldon</subfield>
  </datafield>
  <datafield tag="700" ind1=" " ind2=" ">
    <subfield code="a">Ranganathan, K.</subfield>
  </datafield>
  <datafield tag="942" ind1=" " ind2=" ">
    <subfield code="c">TB</subfield>
  </datafield>
  <datafield tag="999" ind1=" " ind2=" ">
    <subfield code="c">48177</subfield>
    <subfield code="d">48177</subfield>
  </datafield>
  <datafield tag="952" ind1=" " ind2=" ">
    <subfield code="r">2026-01-22 09:54:59</subfield>
    <subfield code="l">0</subfield>
    <subfield code="o">511.5 BAL</subfield>
    <subfield code="p">54293</subfield>
    <subfield code="w">2026-01-22</subfield>
    <subfield code="y">TB</subfield>
    <subfield code="1">0</subfield>
    <subfield code="4">0</subfield>
    <subfield code="7">0</subfield>
    <subfield code="8">NFIC</subfield>
    <subfield code="0">0</subfield>
    <subfield code="a">CUTN</subfield>
    <subfield code="b">CUTN</subfield>
    <subfield code="c">500</subfield>
    <subfield code="d">2026-01-22</subfield>
    <subfield code="e">TBH Library Book Suppliers, Chennai - Invoice No. - SINV01060 on 06-03-2025</subfield>
  </datafield>
  <datafield tag="952" ind1=" " ind2=" ">
    <subfield code="r">2026-03-24 04:37:09</subfield>
    <subfield code="l">0</subfield>
    <subfield code="o">511.5 BAL</subfield>
    <subfield code="p">56408</subfield>
    <subfield code="w">2026-03-24</subfield>
    <subfield code="y">BOOKS</subfield>
    <subfield code="1">0</subfield>
    <subfield code="2">ddc</subfield>
    <subfield code="4">0</subfield>
    <subfield code="7">0</subfield>
    <subfield code="8">NFIC</subfield>
    <subfield code="0">0</subfield>
    <subfield code="a">CUTN</subfield>
    <subfield code="b">CUTN</subfield>
    <subfield code="c">500</subfield>
    <subfield code="d">2026-03-24</subfield>
    <subfield code="e">T R Publications, TRPHO/2025/CRB/184	, dt: 2/9/2026</subfield>
  </datafield>
  <datafield tag="952" ind1=" " ind2=" ">
    <subfield code="r">2026-03-24 04:37:09</subfield>
    <subfield code="l">0</subfield>
    <subfield code="o">511.5 BAL</subfield>
    <subfield code="p">56409</subfield>
    <subfield code="w">2026-03-24</subfield>
    <subfield code="y">BOOKS</subfield>
    <subfield code="1">0</subfield>
    <subfield code="2">ddc</subfield>
    <subfield code="4">0</subfield>
    <subfield code="7">0</subfield>
    <subfield code="8">NFIC</subfield>
    <subfield code="0">0</subfield>
    <subfield code="a">CUTN</subfield>
    <subfield code="b">CUTN</subfield>
    <subfield code="c">500</subfield>
    <subfield code="d">2026-03-24</subfield>
    <subfield code="e">T R Publications, TRPHO/2025/CRB/184	, dt: 2/9/2026</subfield>
  </datafield>
  <datafield tag="952" ind1=" " ind2=" ">
    <subfield code="r">2026-03-24 04:37:09</subfield>
    <subfield code="l">0</subfield>
    <subfield code="o">511.5 BAL</subfield>
    <subfield code="p">56410</subfield>
    <subfield code="w">2026-03-24</subfield>
    <subfield code="y">BOOKS</subfield>
    <subfield code="1">0</subfield>
    <subfield code="2">ddc</subfield>
    <subfield code="4">0</subfield>
    <subfield code="7">0</subfield>
    <subfield code="8">NFIC</subfield>
    <subfield code="0">0</subfield>
    <subfield code="a">CUTN</subfield>
    <subfield code="b">CUTN</subfield>
    <subfield code="c">500</subfield>
    <subfield code="d">2026-03-24</subfield>
    <subfield code="e">T R Publications, TRPHO/2025/CRB/184	, dt: 2/9/2026</subfield>
  </datafield>
  <datafield tag="952" ind1=" " ind2=" ">
    <subfield code="r">2026-03-24 04:37:09</subfield>
    <subfield code="l">0</subfield>
    <subfield code="o">511.5 BAL</subfield>
    <subfield code="p">56411</subfield>
    <subfield code="w">2026-03-24</subfield>
    <subfield code="y">BOOKS</subfield>
    <subfield code="1">0</subfield>
    <subfield code="2">ddc</subfield>
    <subfield code="4">0</subfield>
    <subfield code="7">0</subfield>
    <subfield code="8">NFIC</subfield>
    <subfield code="0">0</subfield>
    <subfield code="a">CUTN</subfield>
    <subfield code="b">CUTN</subfield>
    <subfield code="c">500</subfield>
    <subfield code="d">2026-03-24</subfield>
    <subfield code="e">T R Publications, TRPHO/2025/CRB/184	, dt: 2/9/2026</subfield>
  </datafield>
  <datafield tag="952" ind1=" " ind2=" ">
    <subfield code="r">2026-03-24 04:37:09</subfield>
    <subfield code="l">0</subfield>
    <subfield code="o">511.5 BAL</subfield>
    <subfield code="p">56412</subfield>
    <subfield code="w">2026-03-24</subfield>
    <subfield code="y">BOOKS</subfield>
    <subfield code="1">0</subfield>
    <subfield code="2">ddc</subfield>
    <subfield code="4">0</subfield>
    <subfield code="7">0</subfield>
    <subfield code="8">NFIC</subfield>
    <subfield code="0">0</subfield>
    <subfield code="a">CUTN</subfield>
    <subfield code="b">CUTN</subfield>
    <subfield code="c">500</subfield>
    <subfield code="d">2026-03-24</subfield>
    <subfield code="e">T R Publications, TRPHO/2025/CRB/184	, dt: 2/9/2026</subfield>
  </datafield>
  <datafield tag="952" ind1=" " ind2=" ">
    <subfield code="r">2026-03-24 04:37:09</subfield>
    <subfield code="l">0</subfield>
    <subfield code="o">511.5 BAL</subfield>
    <subfield code="p">56413</subfield>
    <subfield code="w">2026-03-24</subfield>
    <subfield code="y">BOOKS</subfield>
    <subfield code="1">0</subfield>
    <subfield code="2">ddc</subfield>
    <subfield code="4">0</subfield>
    <subfield code="7">0</subfield>
    <subfield code="8">NFIC</subfield>
    <subfield code="0">0</subfield>
    <subfield code="a">CUTN</subfield>
    <subfield code="b">CUTN</subfield>
    <subfield code="c">500</subfield>
    <subfield code="d">2026-03-24</subfield>
    <subfield code="e">T R Publications, TRPHO/2025/CRB/184	, dt: 2/9/2026</subfield>
  </datafield>
  <datafield tag="952" ind1=" " ind2=" ">
    <subfield code="r">2026-03-24 04:37:09</subfield>
    <subfield code="l">0</subfield>
    <subfield code="o">511.5 BAL</subfield>
    <subfield code="p">56414</subfield>
    <subfield code="w">2026-03-24</subfield>
    <subfield code="y">BOOKS</subfield>
    <subfield code="1">0</subfield>
    <subfield code="2">ddc</subfield>
    <subfield code="4">0</subfield>
    <subfield code="7">0</subfield>
    <subfield code="8">NFIC</subfield>
    <subfield code="0">0</subfield>
    <subfield code="a">CUTN</subfield>
    <subfield code="b">CUTN</subfield>
    <subfield code="c">500</subfield>
    <subfield code="d">2026-03-24</subfield>
    <subfield code="e">T R Publications, TRPHO/2025/CRB/184	, dt: 2/9/2026</subfield>
  </datafield>
  <datafield tag="952" ind1=" " ind2=" ">
    <subfield code="r">2026-03-24 04:37:09</subfield>
    <subfield code="l">0</subfield>
    <subfield code="o">511.5 BAL</subfield>
    <subfield code="p">56415</subfield>
    <subfield code="w">2026-03-24</subfield>
    <subfield code="y">BOOKS</subfield>
    <subfield code="1">0</subfield>
    <subfield code="2">ddc</subfield>
    <subfield code="4">0</subfield>
    <subfield code="7">0</subfield>
    <subfield code="8">NFIC</subfield>
    <subfield code="0">0</subfield>
    <subfield code="a">CUTN</subfield>
    <subfield code="b">CUTN</subfield>
    <subfield code="c">500</subfield>
    <subfield code="d">2026-03-24</subfield>
    <subfield code="e">T R Publications, TRPHO/2025/CRB/184	, dt: 2/9/2026</subfield>
  </datafield>
  <datafield tag="952" ind1=" " ind2=" ">
    <subfield code="r">2026-03-24 04:37:09</subfield>
    <subfield code="l">0</subfield>
    <subfield code="o">511.5 BAL</subfield>
    <subfield code="p">56416</subfield>
    <subfield code="w">2026-03-24</subfield>
    <subfield code="y">BOOKS</subfield>
    <subfield code="1">0</subfield>
    <subfield code="2">ddc</subfield>
    <subfield code="4">0</subfield>
    <subfield code="7">0</subfield>
    <subfield code="8">NFIC</subfield>
    <subfield code="0">0</subfield>
    <subfield code="a">CUTN</subfield>
    <subfield code="b">CUTN</subfield>
    <subfield code="c">500</subfield>
    <subfield code="d">2026-03-24</subfield>
    <subfield code="e">T R Publications, TRPHO/2025/CRB/184	, dt: 2/9/2026</subfield>
  </datafield>
  <datafield tag="952" ind1=" " ind2=" ">
    <subfield code="r">2026-03-24 04:37:09</subfield>
    <subfield code="l">0</subfield>
    <subfield code="o">511.5 BAL</subfield>
    <subfield code="p">56417</subfield>
    <subfield code="w">2026-03-24</subfield>
    <subfield code="y">BOOKS</subfield>
    <subfield code="1">0</subfield>
    <subfield code="2">ddc</subfield>
    <subfield code="4">0</subfield>
    <subfield code="7">0</subfield>
    <subfield code="8">NFIC</subfield>
    <subfield code="0">0</subfield>
    <subfield code="a">CUTN</subfield>
    <subfield code="b">CUTN</subfield>
    <subfield code="c">500</subfield>
    <subfield code="d">2026-03-24</subfield>
    <subfield code="e">T R Publications, TRPHO/2025/CRB/184	, dt: 2/9/2026</subfield>
  </datafield>
  <datafield tag="952" ind1=" " ind2=" ">
    <subfield code="r">2026-03-24 04:37:09</subfield>
    <subfield code="l">0</subfield>
    <subfield code="o">511.5 BAL</subfield>
    <subfield code="p">56418</subfield>
    <subfield code="w">2026-03-24</subfield>
    <subfield code="y">BOOKS</subfield>
    <subfield code="1">0</subfield>
    <subfield code="2">ddc</subfield>
    <subfield code="4">0</subfield>
    <subfield code="7">0</subfield>
    <subfield code="8">NFIC</subfield>
    <subfield code="0">0</subfield>
    <subfield code="a">CUTN</subfield>
    <subfield code="b">CUTN</subfield>
    <subfield code="c">500</subfield>
    <subfield code="d">2026-03-24</subfield>
    <subfield code="e">T R Publications, TRPHO/2025/CRB/184	, dt: 2/9/2026</subfield>
  </datafield>
  <datafield tag="952" ind1=" " ind2=" ">
    <subfield code="r">2026-03-24 04:37:09</subfield>
    <subfield code="l">0</subfield>
    <subfield code="o">511.5 BAL</subfield>
    <subfield code="p">56419</subfield>
    <subfield code="w">2026-03-24</subfield>
    <subfield code="y">BOOKS</subfield>
    <subfield code="1">0</subfield>
    <subfield code="2">ddc</subfield>
    <subfield code="4">0</subfield>
    <subfield code="7">0</subfield>
    <subfield code="8">NFIC</subfield>
    <subfield code="0">0</subfield>
    <subfield code="a">CUTN</subfield>
    <subfield code="b">CUTN</subfield>
    <subfield code="c">500</subfield>
    <subfield code="d">2026-03-24</subfield>
    <subfield code="e">T R Publications, TRPHO/2025/CRB/184	, dt: 2/9/2026</subfield>
  </datafield>
  <datafield tag="952" ind1=" " ind2=" ">
    <subfield code="r">2026-03-24 04:37:09</subfield>
    <subfield code="l">0</subfield>
    <subfield code="o">511.5 BAL</subfield>
    <subfield code="p">56420</subfield>
    <subfield code="w">2026-03-24</subfield>
    <subfield code="y">BOOKS</subfield>
    <subfield code="1">0</subfield>
    <subfield code="2">ddc</subfield>
    <subfield code="4">0</subfield>
    <subfield code="7">0</subfield>
    <subfield code="8">NFIC</subfield>
    <subfield code="0">0</subfield>
    <subfield code="a">CUTN</subfield>
    <subfield code="b">CUTN</subfield>
    <subfield code="c">500</subfield>
    <subfield code="d">2026-03-24</subfield>
    <subfield code="e">T R Publications, TRPHO/2025/CRB/184	, dt: 2/9/2026</subfield>
  </datafield>
  <datafield tag="952" ind1=" " ind2=" ">
    <subfield code="r">2026-03-24 04:37:09</subfield>
    <subfield code="l">0</subfield>
    <subfield code="o">511.5 BAL</subfield>
    <subfield code="p">56421</subfield>
    <subfield code="w">2026-03-24</subfield>
    <subfield code="y">BOOKS</subfield>
    <subfield code="1">0</subfield>
    <subfield code="2">ddc</subfield>
    <subfield code="4">0</subfield>
    <subfield code="7">0</subfield>
    <subfield code="8">NFIC</subfield>
    <subfield code="0">0</subfield>
    <subfield code="a">CUTN</subfield>
    <subfield code="b">CUTN</subfield>
    <subfield code="c">500</subfield>
    <subfield code="d">2026-03-24</subfield>
    <subfield code="e">T R Publications, TRPHO/2025/CRB/184	, dt: 2/9/2026</subfield>
  </datafield>
  <datafield tag="952" ind1=" " ind2=" ">
    <subfield code="r">2026-03-24 04:37:09</subfield>
    <subfield code="l">0</subfield>
    <subfield code="o">511.5 BAL</subfield>
    <subfield code="p">56422</subfield>
    <subfield code="w">2026-03-24</subfield>
    <subfield code="y">BOOKS</subfield>
    <subfield code="1">0</subfield>
    <subfield code="2">ddc</subfield>
    <subfield code="4">0</subfield>
    <subfield code="7">0</subfield>
    <subfield code="8">NFIC</subfield>
    <subfield code="0">0</subfield>
    <subfield code="a">CUTN</subfield>
    <subfield code="b">CUTN</subfield>
    <subfield code="c">500</subfield>
    <subfield code="d">2026-03-24</subfield>
    <subfield code="e">T R Publications, TRPHO/2025/CRB/184	, dt: 2/9/2026</subfield>
  </datafield>
</record>
